000 01365nam0a2200325 4500
001 RU\NLR\bibl\1256092
005 20250615125650.0
010 _a978-5-9524-3489-9
_94000
021 _aRU
_b2008-41770
_92309
035 _a(NLR Aleph) 001242126
090 _a265598
_c265598
100 _a20080725d2008 |||y0rusy50 ca
101 1 _arus
_ceng
102 _aRU
105 _ay |||||||||
200 1 _aДневник немецкого солдата
_eвоенные будни на Восточном фронте, 1941-1943
_fГельмут Пабст
_g[пер. с англ. Л.А. Игоревского]
210 _aМосква
_cЦентрполиграф
_d2008
215 _a237, [2] с.
_d21
225 1 _aЗа линией фронта
_iМемуары
300 _aЗагл. и авт. ориг.: The outermost frontier/Helmut Pabst
454 0 _12001#$aThe outermost frontier$zeng
_1700#1$aPabst$bH.$gHelmut$4070
_tThe outermost frontier
_aPabst, Helmut
606 0 _aВеликая Отечественная война
_jВоспоминания, записки и т.п.
_z1941 - 1945
_9903571
_3RU\NLR\auth\668893
686 _aЦ35(2)722,013
686 _aТ3(2)722,013
700 1 _aПабст
_bГ.
_gГельмут
_4070
801 0 _aRU
_bNLR
_c20080725
_gRCR
801 1 _aRU
_bNLR
_c20080725
942 _cBOOK
980 _aNB